| 000 | 00724nam a2200229 a 4500 | ||
|---|---|---|---|
| 001 | 21817 | ||
| 003 | CO-ViMGA | ||
| 008 | 141112s2004 ck r 000 u spa d | ||
| 020 | _a9584213350 | ||
| 040 |
_aCO-ViMGA _bspa _cCO-ViMGA |
||
| 082 | 0 | 4 | _a306.736 S152s |
| 100 | 1 |
_aSánchez Baute, Alonso _931110 |
|
| 245 | 1 | 0 | _aSex o no sex? |
| 260 |
_aBogotá : _bPlaneta, _c2005 |
||
| 300 | _a196 | ||
| 590 | _aForma de adquisición : Donación fact. 8861 - - Precio : 34000 - - Proveedor : Fundación exito - - Fecha de adquisición : Julio 2007 | ||
| 650 | 1 | 4 |
_aCOSTUMBRES SEXUALES _931111 |
| 650 | 1 | 4 |
_aFANTASIAS SEXUALES _931112 |
| 650 | 1 | 4 |
_aHOMOSEXUALES _931113 |
| 650 | 1 | 4 |
_aRELACIONES SEXUALES _954842 |
| 942 |
_2ddc _cBK |
||
| 999 |
_c30366 _d30366 |
||